Visualizzazione normale
Vista MARC
- González del Yerro Valdés, Carmen
di Personal Name
Records bibliografici associati: 1
001 - CONTROL NUMBER
- control field: 56659
003 - CONTROL NUMBER IDENTIFIER
- control field: IT-RoINE
005 - DATE AND TIME OF LATEST TRANSACTION
- control field: 20190130102018.0
008 - FIXED-LENGTH DATA ELEMENTS
- fixed length control field: 190130|| aca||aabn | a|a d
040 ## - CATALOGING SOURCE
- Original cataloging agency: IT-RoINE
- Transcribing agency: IT-RoINE
100 ## - HEADING--PERSONAL NAME
- Personal name: González del Yerro Valdés, Carmen
670 ## - SOURCE DATA FOUND
- Source citation: Work cat.: (IT-RoINE)0: Van Kley, Dale K., 1941- 56657, Los orígenes religiosos de la Revolución francesa :, 2003.